Normal view
MARC view
- Water and New Technologies
Entry Topical Term
001 - CONTROL NUMBER
- control field: 2362
003 - CONTROL NUMBER IDENTIFIER
- control field: NUST
005 - DATE AND TIME OF LATEST TRANSACTION
- control field: 20170609111427.0
008 - FIXED-LENGTH DATA ELEMENTS
- fixed length control field: 170609|| aca||aabn | a|a d
040 ## - CATALOGING SOURCE
- Original cataloging agency: NUST
- Transcribing agency: NUST
150 ## - HEADING--TOPICAL TERM
- Topical term or geographic name entry element: Water and New Technologies
670 ## - SOURCE DATA FOUND
- Source citation: Work cat.: (NUST)0: Ahmad, Dr Ishfaq 2361, Water and New Technologies, 2002
